[Event "Vlissingen op 25th"]
[Site "Vlissingen"]
[Date "2023.08.06"]
[Round "3"]
[White "Leenhouts, Koen"]
[Black "Boelhouwer, Collin"]
[Result "1-0"]
[WhiteElo "2446"]
[BlackElo "2134"]
[PlyCount "81"]
[EventDate "2023.08.05"]
[EventType "swiss"]
[EventRounds "9"]
[EventCountry "NED"]
[SourceTitle "CBM 215 Extra"]
[Source "ChessBase"]
[SourceDate "2023.09.30"]
[SourceVersion "1"]
[SourceVersionDate "2023.09.30"]
[SourceQuality "1"]

1. d4 Nf6 2. c4 e6 3. Nc3 Bb4 4. e3 0-0 5. Bd3 d5 6. a3 Bxc3+ 7. bxc3 dxc4 8. Bxc4 c5 9. Bd3 Nc6 10. Nf3 cxd4 11. cxd4 b6 12. Bb2 Bb7 13. e4 Na5 14. Qe2 h6 15. 0-0 Rc8 16. Rad1 Qe7 17. Rfe1 Rfd8 18. d5 exd5 19. Bxf6 Qxf6 20. e5 Qe7 21. Nd4 Kh8 22. Nf5 Qf8 23. Qg4 Rc6 24. Nd6 Bc8 25. Bf5 Bxf5 26. Qxf5 Rc7 27. Rxd5 Nc6 28. Rc1 Rdd7 29. Rdd1 Nd8 30. Rxc7 Rxc7 31. Nb5 Re7 32. Qc8 Ne6 33. Qxf8+ Nxf8 34. f4 g5 35. Rd8 Kg8 36. g3 gxf4 37. gxf4 a6 38. Nd6 Rd7 39. Rc8 Kg7 40. f5 h5 41. f6+ 1-0

[Event "Vlissingen HZ op 24th"]
[Site "Vlissingen"]
[Date "2022.08.07"]
[Round "3"]
[White "Boelhouwer, Collin"]
[Black "Santiago, Yago de Moura"]
[Result "0-1"]
[WhiteElo "2151"]
[BlackElo "2490"]
[PlyCount "66"]
[EventDate "2022.08.06"]
[EventType "swiss"]
[EventRounds "9"]
[EventCountry "NED"]
[SourceTitle "CBM 209 Extra"]
[Source "ChessBase"]
[SourceDate "2022.09.30"]
[SourceVersion "1"]
[SourceVersionDate "2022.09.30"]
[SourceQuality "1"]

1. e4 e6 2. d4 d5 3. Nd2 h6 4. Ngf3 Nf6 5. Bd3 c5 6. c3 Nc6 7. 0-0 cxd4 8. cxd4 dxe4 9. Nxe4 Be7 10. Ng3 0-0 11. a3 b6 12. Bc2 Ba6 13. Re1 Rc8 14. Be3 Re8 15. Rc1 Nd5 16. Bb1 Bf8 17. Qa4 Bb7 18. Qc2 g6 19. Qd2 Nxe3 20. Qxe3 Bg7 21. Rcd1 Re7 22. Ne5 Nxe5 23. dxe5 Rd7 24. Rxd7 Qxd7 25. h3 Rc4 26. Kh2 Qd4 27. Qe2 Rc5 28. Rd1 Qxe5 29. Rd8+ Kh7 30. Qxe5 Bxe5 31. Rd7 Rc7 32. Rd8 Bxb2 33. Rd3 Be5 0-1

[Event "Vlissingen HZ op 22nd"]
[Site "Vlissingen"]
[Date "2018.08.05"]
[Round "2"]
[White "Ikonnikov, Vyacheslav"]
[Black "Boelhouwer, Collin"]
[Result "1-0"]
[WhiteElo "2546"]
[BlackElo "2128"]
[PlyCount "47"]
[EventDate "2018.08.04"]
[EventType "swiss"]
[EventRounds "9"]
[EventCountry "NED"]
[SourceTitle "CBM 185 Extra"]
[Source "ChessBase"]
[SourceDate "2018.07.29"]
[SourceVersion "1"]
[SourceVersionDate "2018.07.29"]
[SourceQuality "1"]

1. d4 Nf6 2. Nf3 e6 3. c4 Bb4+ 4. Bd2 c5 5. Bxb4 cxb4 6. g3 0-0 7. Bg2 d6 8. Nbd2 a5 9. 0-0 Qc7 10. Rc1 Na6 11. Qc2 e5 12. e3 h6 13. Nh4 Be6 14. f4 Rac8 15. b3 Bd7 16. fxe5 dxe5 17. Rxf6 gxf6 18. Ne4 Qd8 19. Rf1 f5 20. Nxf5 exd4 21. Nxh6+ Kg7 22. Nf6 Rh8 23. Nxf7 Qe7 24. Nd5 1-0

[Event "Karlsruhe Grenke op"]
[Site "Karlsruhe"]
[Date "2018.03.29"]
[Round "1"]
[White "Lampert, Jonas"]
[Black "Boelhouwer, Collin"]
[Result "1-0"]
[WhiteElo "2532"]
[BlackElo "2127"]
[PlyCount "69"]
[EventDate "2018.03.29"]
[EventType "swiss"]
[EventRounds "9"]
[EventCountry "GER"]
[SourceTitle "CBM 183 Extra"]
[Source "ChessBase"]
[SourceDate "2018.04.19"]
[SourceVersion "1"]
[SourceVersionDate "2018.04.19"]
[SourceQuality "1"]

1. d4 Nf6 2. c4 e6 3. g3 Bb4+ 4. Bd2 c5 5. Bxb4 cxb4 6. Bg2 0-0 7. Nf3 d5 8. a3 Nc6 9. axb4 Nxb4 10. 0-0 b6 11. cxd5 Nbxd5 12. Re1 Bb7 13. e4 Nb4 14. Nc3 a5 15. Qd2 Rc8 16. Rad1 Ba6 17. Bh3 Rc7 18. d5 exd5 19. exd5 Qd6 20. Nd4 Qc5 21. Nf5 Bd3 22. d6 Ra7 23. Qf4 Bxf5 24. Bxf5 g6 25. d7 Raa8 26. Be4 Nh5 27. Qd6 Qxd6 28. Rxd6 Rad8 29. Na4 f5 30. Bb7 Nf6 31. Nxb6 Rf7 32. Bc8 Kf8 33. Re5 f4 34. gxf4 Ng4 35. Re8+ 1-0

[Event "Vlissingen HZ op 21st"]
[Site "Vlissingen"]
[Date "2017.08.12"]
[Round "9"]
[White "Boelhouwer, Collin"]
[Black "Van de Braak, Joey"]
[Result "1-0"]
[WhiteElo "2096"]
[BlackElo "1893"]
[PlyCount "55"]
[EventDate "2017.08.05"]
[EventType "swiss"]
[EventRounds "9"]
[EventCountry "NED"]
[SourceTitle "CBM 179 Extra"]
[Source "ChessBase"]
[SourceDate "2017.08.23"]
[SourceVersion "1"]
[SourceVersionDate "2017.08.23"]
[SourceQuality "1"]

1. e4 Nc6 2. Nf3 e6 3. d4 d5 4. Nbd2 Nge7 5. c3 dxe4 6. Nxe4 Nf5 7. Bd3 Be7 8. 0-0 0-0 9. Re1 b6 10. Bf4 Bb7 11. Qc2 h6 12. Rad1 Bd6 13. Nxd6 Nxd6 14. Qc1 Ne7 15. Ne5 Nef5 16. Ng4 Qh4 17. f3 Rfe8 18. Nf2 Qd8 19. Ne4 a5 20. Nxd6 cxd6 21. Bxf5 exf5 22. Rxe8+ Qxe8 23. Bxd6 Qe6 24. Bc7 Re8 25. c4 Qe2 26. d5 Ba6 27. d6 Qe5 28. d7 1-0

[Event "Vlissingen HZ op 21st"]
[Site "Vlissingen"]
[Date "2017.08.07"]
[Round "4"]
[White "Boelhouwer, Collin"]
[Black "Huesmann, Thomas"]
[Result "1-0"]
[WhiteElo "2096"]
[BlackElo "2279"]
[PlyCount "187"]
[EventDate "2017.08.05"]
[EventType "swiss"]
[EventRounds "9"]
[EventCountry "NED"]
[SourceTitle "CBM 179 Extra"]
[Source "ChessBase"]
[SourceDate "2017.08.23"]
[SourceVersion "1"]
[SourceVersionDate "2017.08.23"]
[SourceQuality "1"]

1. e4 e5 2. Nf3 Nc6 3. Bb5 g6 4. 0-0 Bg7 5. Re1 Nge7 6. c3 0-0 7. d3 d6 8. Nbd2 h6 9. Nf1 f5 10. exf5 Nxf5 11. h3 Kh7 12. Qe2 Bd7 13. a4 Nh4 14. N1h2 Nxf3+ 15. Nxf3 Qf6 16. Nh2 Rae8 17. Ng4 Qh4 18. Be3 Be6 19. a5 a6 20. Ba4 Re7 21. Bc2 Ref7 22. Ra4 Qd8 23. Qd2 h5 24. Nh2 d5 25. Bg5 Qd7 26. f4 d4 27. Rf1 Kg8 28. Raa1 dxc3 29. bxc3 e4 30. d4 Bd5 31. Rfe1 Re8 32. Nf1 Bf6 33. Bxf6 Rxf6 34. Ne3 Bf7 35. Rf1 Qd6 36. g3 g5 37. Qh2 gxf4 38. Rxf4 Rxf4 39. gxf4 Kh8 40. Kh1 Rg8 41. d5 Qc5 42. Qd2 Qd6 43. Rd1 Rd8 44. dxc6 bxc6 45. Qxd6 cxd6 46. Nf5 Bd5 47. Ne7 Rb8 48. Nxd5 cxd5 49. Rxd5 e3 50. Rxh5+ Kg8 51. Rg5+ Kf8 52. Rg2 Rc8 53. Re2 Rxc3 54. Kg2 Ra3 55. Kf3 Rxa5 56. Rxe3 d5 57. Bb3 Kf7 58. Kg4 Rb5 59. h4 Kf6 60. h5 d4 61. Rd3 Rb4 62. Rh3 Kg7 63. Kg5 a5 64. h6+ Kh8 65. h7 Rb7 66. Bg8 Rd7 67. Rd3 a4 68. Kf5 a3 69. Rxa3 d3 70. Ra1 d2 71. Rd1 Kg7 72. Ke4 Kh8 73. Ke3 Re7+ 74. Kxd2 Re8 75. Re1 Rf8 76. Re4 Rb8 77. Ke3 Rb1 78. Kf3 Rf1+ 79. Kg4 Rg1+ 80. Kf5 Ra1 81. Re5 Ra6 82. Rb5 Rh6 83. Ke5 Rh1 84. f5 Re1+ 85. Kd6 Re2 86. Re5 Rb2 87. Rd5 Rb1 88. Rc5 Rd1+ 89. Ke6 Ra1 90. Rc6 Re1+ 91. Kf6 Ra1 92. Rc8 Ra6+ 93. Be6+ Kxh7 94. Rc2 1-0

[Event "Vlissingen HZ op 19th"]
[Site "Vlissingen"]
[Date "2015.08.07"]
[Round "8"]
[White "Bruschke, Alexander"]
[Black "Boelhouwer, Collin"]
[Result "0-1"]
[WhiteElo "1555"]
[BlackElo "2158"]
[PlyCount "70"]
[EventDate "2015.08.01"]
[EventType "swiss"]
[EventRounds "9"]
[EventCountry "NED"]
[SourceTitle "CBM 167 Extra"]
[Source "ChessBase"]
[SourceDate "2015.09.14"]
[SourceVersion "1"]
[SourceVersionDate "2015.09.14"]
[SourceQuality "1"]

1. e4 c5 2. Nf3 d6 3. Bb5+ Bd7 4. Bxd7+ Qxd7 5. 0-0 e6 6. Re1 Nc6 7. c4 g6 8. d4 Bg7 9. dxc5 dxc5 10. Qxd7+ Kxd7 11. e5 Nh6 12. Bxh6 Bxh6 13. Nc3 Ke7 14. Ne4 b6 15. Rad1 Bg7 16. Rd2 Nxe5 17. Nxe5 Bxe5 18. g3 Rad8 19. Rxd8 Rxd8 20. Nxc5 Bxb2 21. Nb3 Rc8 22. Re2 Bc3 23. Rc2 Rxc4 24. Nd2 Rc7 25. Kf1 Be5 26. Rxc7+ Bxc7 27. Ke2 g5 28. h3 h5 29. g4 h4 30. Nf3 Bf4 31. Nd4 Kd7 32. Kd3 a6 33. Ke4 Kd6 34. Ne2 Be5 35. f4 Bxf4 0-1

[Event "Amsterdam Science Park op-A"]
[Site "Amsterdam"]
[Date "2015.07.19"]
[Round "9"]
[White "Boelhouwer, Collin"]
[Black "Kohler, Aran"]
[Result "1-0"]
[WhiteElo "2120"]
[BlackElo "2226"]
[PlyCount "131"]
[EventDate "2015.07.11"]
[EventType "swiss"]
[EventRounds "9"]
[EventCountry "NED"]
[SourceTitle "CBM 167 Extra"]
[Source "ChessBase"]
[SourceDate "2015.09.14"]
[SourceVersion "1"]
[SourceVersionDate "2015.09.14"]
[SourceQuality "1"]

1. e4 e5 2. Nf3 Nc6 3. Bb5 a6 4. Ba4 Nf6 5. d3 Bc5 6. 0-0 b5 7. Bb3 d6 8. c3 Bg4 9. Nbd2 0-0 10. h3 Be6 11. Re1 Qd7 12. Nf1 Bxb3 13. Qxb3 Bb6 14. Ng3 Na5 15. Qd1 c5 16. Bg5 Ne8 17. Nh4 f6 18. Be3 Bd8 19. Nhf5 g6 20. Nh6+ Kh8 21. f4 exf4 22. Bxf4 Ng7 23. Qf3 Nc6 24. Rad1 Bb6 25. Be3 Ne5 26. Qe2 Ne6 27. Rf1 Qa7 28. Ng4 Nxg4 29. Qxg4 Rae8 30. Rf2 Ng7 31. Bh6 c4 32. d4 b4 33. Rdf1 bxc3 34. bxc3 Bd8 35. h4 d5 36. exd5 f5 37. Qf4 Qd7 38. d6 Rf6 39. Bxg7+ Kxg7 40. h5 Rxd6 41. Rb2 Rd5 42. Rfb1 Bc7 43. h6+ Kf8 44. Qf3 Rb5 45. Nf1 Reb8 46. Rxb5 axb5 47. Ne3 Qd6 48. Kf2 Qf4 49. Qxf4 Bxf4 50. Kf3 Bxh6 51. Nd5 Bd2 52. a4 g5 53. Rxb5 Re8 54. a5 g4+ 55. Kg3 Re4 56. a6 Be1+ 57. Kh2 f4 58. Nxf4 Re3 59. Nh5 Rxc3 60. a7 Ra3 61. Rb8+ Kf7 62. a8Q Rxa8 63. Rxa8 Kg6 64. Nf4+ Kf5 65. g3 Bd2 66. d5 1-0

[Event "Amsterdam Science Park op-A"]
[Site "Amsterdam"]
[Date "2015.07.16"]
[Round "6"]
[White "Brouwer, Dennis"]
[Black "Boelhouwer, Collin"]
[Result "1/2-1/2"]
[WhiteElo "2221"]
[BlackElo "2120"]
[PlyCount "121"]
[EventDate "2015.07.11"]
[EventType "swiss"]
[EventRounds "9"]
[EventCountry "NED"]
[SourceTitle "CBM 167 Extra"]
[Source "ChessBase"]
[SourceDate "2015.09.14"]
[SourceVersion "1"]
[SourceVersionDate "2015.09.14"]
[SourceQuality "1"]

1. e4 c5 2. Nf3 d6 3. d4 cxd4 4. Nxd4 Nf6 5. Nc3 g6 6. Be3 Bg7 7. Qd2 Nc6 8. f3 0-0 9. 0-0-0 d5 10. exd5 Nxd5 11. Nxc6 bxc6 12. Bd4 Bxd4 13. Qxd4 Qb6 14. Na4 Qa5 15. b3 Be6 16. h4 Rfd8 17. Qe5 Qb4 18. Bc4 Qa3+ 19. Kb1 Nb4 20. Qb2 Qxb2+ 21. Nxb2 Bf5 22. Nd3 Bxd3 23. Bxd3 Nd5 24. Rde1 e6 25. g3 Rd6 26. a3 Rad8 27. h5 Nf6 28. hxg6 hxg6 29. Rh4 Nh5 30. Ra4 R8d7 31. g4 Nf6 32. Kb2 Kg7 33. Ra5 Rd5 34. Ra6 Rc7 35. Re3 Rd4 36. g5 Nd7 37. Kc3 Rd5 38. f4 Nc5 39. Ra5 Ne4+ 40. Bxe4 Rxa5 41. a4 e5 42. f5 gxf5 43. Kb4 f4 44. Rh3 Ra6 45. Kc5 Rd7 46. Rh7+ Kg8 47. g6 Ra5+ 48. Kxc6 Rd4 49. gxf7+ Kf8 50. Bf3 e4 51. c3 Rd3 52. Bxe4 Rxc3+ 53. Kd7 Rg3 54. Bd5 Rxd5+ 55. Ke6 Re3+ 56. Kxd5 f3 57. Rh2 Rxb3 58. Ke4 Kxf7 59. Rf2 Ke6 60. Rxf3 Rb4+ 61. Kd3 1/2-1/2

[Event "Douglas PokerStars op"]
[Site "Douglas"]
[Date "2014.10.10"]
[Round "7"]
[White "Gutkind, Kedem"]
[Black "Boelhouwer, Collin"]
[Result "1-0"]
[WhiteElo "1993"]
[BlackElo "2106"]
[PlyCount "159"]
[EventDate "2014.10.04"]
[EventType "swiss"]
[EventRounds "9"]
[EventCountry "IOM"]
[SourceTitle "CBM 162 Extra"]
[Source "ChessBase"]
[SourceDate "2014.10.17"]
[SourceVersion "1"]
[SourceVersionDate "2014.10.17"]
[SourceQuality "1"]

1. d4 Nf6 2. c4 g6 3. Nc3 Bg7 4. e4 d6 5. Nf3 0-0 6. Be2 Na6 7. 0-0 e5 8. Re1 exd4 9. Nxd4 Nc5 10. Bf1 Re8 11. f3 a5 12. Be3 Bd7 13. Rc1 Nh5 14. Qd2 Be5 15. g4 Ng7 16. f4 Bxd4 17. Bxd4 Bxg4 18. Nd5 Nh5 19. Bg2 c6 20. Nc3 Ne6 21. Be3 Nhg7 22. h3 Bh5 23. f5 gxf5 24. Rf1 f4 25. Bxf4 Nxf4 26. Qxf4 Qe7 27. Qh6 Bg6 28. Rf2 a4 29. Rcf1 a3 30. b4 Qe5 31. Ne2 Ne6 32. h4 Rf8 33. Kh1 Ra4 34. Rf5 Qg7 35. Qd2 Qb2 36. Qe3 Rxb4 37. h5 Bxf5 38. exf5 Qe5 39. Qxa3 Rxc4 40. fxe6 Rh4+ 41. Bh3 fxe6 42. Rxf8+ Kxf8 43. Qa8+ Kg7 44. Qxb7+ Kh6 45. Ng1 Qd5+ 46. Kh2 Qxa2+ 47. Kg3 Qd5 48. Qe7 Rxh3+ 49. Nxh3 Qd3+ 50. Kg2 Qe4+ 51. Kg3 Qe1+ 52. Kg4 Qe2+ 53. Kg3 Qd3+ 54. Kg2 Qd5+ 55. Kg3 Qb3+ 56. Kg4 Qd1+ 57. Kg3 Qd3+ 58. Kg2 Qc2+ 59. Kg3 Qc3+ 60. Kg4 Qg7+ 61. Qg5+ Qxg5+ 62. Nxg5 Kg7 63. Nxe6+ Kf6 64. Nd8 c5 65. Nb7 Ke5 66. Kg5 c4 67. Kh6 c3 68. Na5 Kf6 69. Kxh7 c2 70. Nb3 d5 71. h6 Kf7 72. Nc1 Kf8 73. Kg6 Kg8 74. Nd3 Kh8 75. Ne5 c1Q 76. Nf7+ Kg8 77. h7+ Kf8 78. h8Q+ Ke7 79. Qd8+ Ke6 80. Qd6# 1-0

[Event "Douglas PokerStars op"]
[Site "Douglas"]
[Date "2014.10.09"]
[Round "6"]
[White "Boelhouwer, Collin"]
[Black "Bakalchuk, Johnatan"]
[Result "0-1"]
[WhiteElo "2106"]
[BlackElo "2317"]
[PlyCount "106"]
[EventDate "2014.10.04"]
[EventType "swiss"]
[EventRounds "9"]
[EventCountry "IOM"]
[SourceTitle "CBM 162 Extra"]
[Source "ChessBase"]
[SourceDate "2014.10.17"]
[SourceVersion "1"]
[SourceVersionDate "2014.10.17"]
[SourceQuality "1"]

1. e4 c5 2. Nf3 g6 3. d4 cxd4 4. Nxd4 Nc6 5. c4 Nf6 6. Nc3 d6 7. Be2 Nxd4 8. Qxd4 Bg7 9. Be3 0-0 10. Qd2 a5 11. 0-0 a4 12. Rab1 Qa5 13. Rfd1 Be6 14. b4 axb3 15. axb3 Rfc8 16. f3 Qb4 17. Nb5 Qxd2 18. Rxd2 Nd7 19. f4 Nc5 20. Bf3 Bd7 21. e5 Bf5 22. Re1 Nxb3 23. Bxb7 Nxd2 24. Bxd2 dxe5 25. fxe5 Ra2 26. Bxc8 Bxc8 27. Bb4 Bb7 28. Bxe7 Rxg2+ 29. Kf1 Rxh2 30. Nd6 Rh1+ 31. Kf2 Rxe1 32. Kxe1 Bc6 33. Bf6 Bxf6 34. exf6 h5 35. Kf2 h4 36. Kg1 g5 37. Kh2 Bd7 38. c5 g4 39. Nc4 g3+ 40. Kg2 Bc6+ 41. Kh3 Bd7+ 42. Kg2 Kh7 43. Ne5 Be6 44. c6 Kh6 45. c7 Kg5 46. Nxf7+ Kxf6 47. Nd6 Kg5 48. c8Q Bxc8 49. Nxc8 Kg4 50. Ne7 h3+ 51. Kf1 Kf3 52. Kg1 h2+ 53. Kh1 Kf2 0-1

[Event "Douglas PokerStars op"]
[Site "Douglas"]
[Date "2014.10.04"]
[Round "1"]
[White "Williams, Simon Kim"]
[Black "Boelhouwer, Collin"]
[Result "1-0"]
[WhiteElo "2457"]
[BlackElo "2106"]
[PlyCount "97"]
[EventDate "2014.10.04"]
[EventType "swiss"]
[EventRounds "9"]
[EventCountry "IOM"]
[SourceTitle "CBM 162 Extra"]
[Source "ChessBase"]
[SourceDate "2014.10.17"]
[SourceVersion "1"]
[SourceVersionDate "2014.10.17"]
[SourceQuality "1"]

1. e4 c5 2. Nc3 Nc6 3. Bb5 Nd4 4. Nf3 a6 5. Bd3 d6 6. Nxd4 cxd4 7. Ne2 Qb6 8. c3 dxc3 9. dxc3 g6 10. Be3 Qc7 11. Qb3 Be6 12. Qb4 Nf6 13. Bb6 Qc8 14. 0-0 Bg7 15. f4 0-0 16. a4 Bd7 17. a5 Bc6 18. h3 Re8 19. Ng3 Nd7 20. Be3 Qc7 21. Qb3 Nc5 22. Bxc5 dxc5 23. Bc4 Rf8 24. Qc2 Bb5 25. Qe2 Bxc4 26. Qxc4 Rad8 27. Rf2 Rd7 28. Nf1 Rfd8 29. Ne3 Qc6 30. Qa4 Qb5 31. e5 Rd3 32. Qe4 f5 33. exf6 exf6 34. Nc4 Qd7 35. Re2 Rd1+ 36. Rxd1 Qxd1+ 37. Re1 Qd7 38. Qe6+ Kf8 39. Qb6 Rc8 40. Qd6+ Qxd6 41. Nxd6 Rb8 42. Re6 Bh6 43. g3 Kg8 44. Rxf6 b6 45. Nc4 b5 46. Ne5 b4 47. Rb6 Rd8 48. cxb4 Bf8 49. b5 1-0

[Event "Vlissingen HZ op 18th"]
[Site "Vlissingen"]
[Date "2014.08.05"]
[Round "5"]
[White "Lambregts, Frank"]
[Black "Boelhouwer, Collin"]
[Result "0-1"]
[WhiteElo "1911"]
[BlackElo "2148"]
[PlyCount "50"]
[EventDate "2014.08.02"]
[EventType "swiss"]
[EventRounds "9"]
[EventCountry "NED"]
[SourceTitle "CBM 161 Extra"]
[Source "ChessBase"]
[SourceDate "2014.08.29"]
[SourceVersion "1"]
[SourceVersionDate "2014.08.29"]
[SourceQuality "1"]

1. e4 c5 2. Nf3 d6 3. Bb5+ Bd7 4. Bxd7+ Qxd7 5. d4 cxd4 6. Nxd4 Nc6 7. Be3 Nf6 8. Nc3 g6 9. Qd2 Bg7 10. 0-0 0-0 11. Rad1 Rac8 12. f4 Rfd8 13. Qf2 Ng4 14. Qf3 Nxe3 15. Qxe3 Nxd4 16. Rxd4 Bxd4 17. Qxd4 Qc6 18. Kh1 Qc4 19. Qf2 b5 20. a3 a5 21. Qe1 e6 22. f5 b4 23. axb4 axb4 24. Na4 Qb5 25. fxg6 fxg6 0-1

[Event "Leiden op-A 8th"]
[Site "Leiden"]
[Date "2014.07.18"]
[Round "7"]
[White "Boelhouwer, Collin"]
[Black "Tsifanskaya, Ludmila A"]
[Result "0-1"]
[WhiteElo "2183"]
[BlackElo "2120"]
[PlyCount "68"]
[EventDate "2014.07.11"]
[EventType "swiss"]
[EventRounds "9"]
[EventCountry "NED"]
[SourceTitle "CBM 161 Extra"]
[Source "ChessBase"]
[SourceDate "2014.08.29"]
[SourceVersion "1"]
[SourceVersionDate "2014.08.29"]
[SourceQuality "1"]

1. e4 c5 2. Nf3 Nc6 3. Bb5 g6 4. Bxc6 dxc6 5. h3 Bg7 6. d3 e5 7. Nc3 Qe7 8. Be3 Nf6 9. Qd2 h6 10. 0-0 Nh5 11. Nh2 g5 12. Ne2 Nf4 13. Ng3 b6 14. Qd1 h5 15. f3 Be6 16. Re1 0-0-0 17. b3 Qd7 18. Nh1 Rdg8 19. Nf2 Bf6 20. Rb1 g4 21. fxg4 Bh4 22. Rf1 Bxf2+ 23. Rxf2 hxg4 24. Bxf4 exf4 25. Nxg4 Bxg4 26. hxg4 Rxg4 27. c3 Rgh4 28. Rf1 Rh1+ 29. Kf2 Rxf1+ 30. Qxf1 Qg4 31. Rb2 Qg3+ 32. Ke2 Rh2 33. Rd2 Rxg2+ 34. Kd1 Rg1 0-1

[Event "Bussum op 30th"]
[Site "Bussum"]
[Date "2013.05.19"]
[Round "5"]
[White "De Bruijn, Aad"]
[Black "Boelhouwer, Collin"]
[Result "1/2-1/2"]
[WhiteElo "1987"]
[BlackElo "2101"]
[PlyCount "43"]
[EventDate "2013.05.18"]
[EventType "swiss"]
[EventRounds "7"]
[EventCountry "NED"]
[SourceTitle "CBM 154 Extra"]
[Source "ChessBase"]
[SourceDate "2013.06.25"]
[SourceVersion "2"]
[SourceVersionDate "2013.06.25"]
[SourceQuality "1"]

1. e4 c5 2. Nf3 d6 3. d4 cxd4 4. Nxd4 Nf6 5. Nc3 g6 6. Bc4 Bg7 7. 0-0 Nc6 8. Nxc6 bxc6 9. e5 Ng4 10. exd6 Qxd6 11. Qxd6 exd6 12. Re1+ Kf8 13. h3 Ne5 14. Bb3 Ba6 15. Bf4 f6 16. Ne4 Ke7 17. Rad1 Rhd8 18. Bg3 g5 19. Bxe5 dxe5 20. Nc5 Bc8 21. Rxd8 Kxd8 22. Ne6+ 1/2-1/2